000 01979cam a22004814i 4500
003 PE-LiUPU
005 20250731175644.0
008 150616s2012 mnu r 000 0 spa d
020 _a0800626877
020 _a0800696646
020 _a9780800696641
_q(tercera edición)
035 _a(Sirsi) i9780800626877
040 _aPE-LiUPU
_bspa
_cPE-LiUPU
_erda
049 _aPRUA
082 0 4 _a492.4
_bT76
_221
100 1 _aTov, Emanuel,
_eautor.
245 1 0 _aTextual Criticism of the Hebrew Bible /
_cEmanuel Tov.
264 1 _aMinneapolis :
_bFortress Press,
_c1992.
264 1 _aMinneapolis, MN :
_bFortress Press,
_c2012.
300 _a456 páginas ;
_c24 centímetros.
300 _a481 páginas ;
_c24 centímetros
336 _atext
_2rdacontent
337 _aunmediated
_2rdamedia
338 _avolume
_2rdacarrier
505 0 _aCrítica e interpretación del hebreo bíblico Hebreo biblico.
526 _aP145
526 _aP127
526 _aP97
526 _aP35
526 _aP14
526 _aP07
630 _aBiblia.
_pA.T.
_xCrítica textual.
910 _ajck
_bjvq
_cjck
942 _2ddc
_cBOOK
949 _a492.4 T76 2
_wDEWEY
_c1
_i40132
_lCCODEBUL1
_mBUL
_r0
_sY
_tBOOK
_u2015-6-16
_xTEOLOGIA
_zUNKNOWN
_0COMPRA
_o.STAFF. Colección General
949 _a492.4 T76 2
_wDEWEY
_c2
_i73234
_d2016-8-4
_e2016-7-26
_lCCODEBUL1
_mBUL
_n4
_p63.00
_r0
_sY
_tBOOK
_u2016-6-2
_xTEOLOGIA
_PP35
_0COMPRA
_o.STAFF. Colección Genral
994 _aC0
_bPEPRU
596 _a1
999 _a492.4 T76 2
_wDEWEY
_c57922
_i40132
_d57922
_f2021-11-11
_g5
_lCCODEBUL1
_mBUL
_q3
_r0
_sY
_tBOOK
_u2015-6-16
_xTEOLOGIA
_zUNKNOWN
_0COMPRA
_o.STAFF. Colección General
999 _a492.4 T76 2
_wDEWEY
_c2
_i73234
_d2019-9-17
_e2019-5-28
_f2021-11-11
_g5
_lCCODEBUL1
_mBUL
_n6
_p63.00
_q5
_r0
_sY
_tBOOK
_u2016-6-2
_xTEOLOGIA
_PP35
_0COMPRA
_o.STAFF. Colección Teología
980 _81
_gALBERTO SANCHEZ Responsable de Automatización